Introduction to computer architecture and organization
Αποθηκεύτηκε σε:
| Κύριος συγγραφέας: | |
|---|---|
| Μορφή: | Βιβλίο |
| Γλώσσα: | English |
| Δημοσίευση: |
New York :
Wiley,
c1989
|
| Έκδοση: | 2nd ed. |
| Θέματα: | |
| Ετικέτες: |
Προσθήκη ετικέτας
Δεν υπάρχουν, Καταχωρήστε ετικέτα πρώτοι!
|
MARC
| LEADER | 00000cam a2200000 i 4500 | ||
|---|---|---|---|
| 001 | 1/35284 | ||
| 008 | 941103s1989 eng d | ||
| 020 | |a 0471614041 | ||
| 035 | |l 10039905 | ||
| 035 | |a 1990 |c ΚΑΤΣΙΚΑΣ | ||
| 040 | |a GR-MY-UA |b gre |e aacr | ||
| 041 | 0 | |a eng | |
| 082 | 0 | |a 621.392 |2 (19) | |
| 100 | 1 | |a Lorin, Harold. | |
| 245 | 1 | 0 | |a Introduction to computer architecture and organization / |c Harold Lorin |
| 250 | |a 2nd ed. | ||
| 260 | |a New York : |b Wiley, |c c1989 | ||
| 300 | |a xiv, 359 p.; |b ill.; |c 24 cm | ||
| 500 | |a "Wiley-Interscience publication." | ||
| 500 | |a Includes index | ||
| 504 | |a Bibliography: p. 345-352 | ||
| 650 | 0 | 0 | |a Computer architecture. |
| 852 | |a INST |b SAMOS |e 19941103 |h 621.392 LOR |p 005300004012 |q 005300004012 |t BK |y 0 | ||
| 909 | |a Σ |b 018941 | ||